| 000 | 00588nam a2200205Ia 4500 | ||
|---|---|---|---|
| 005 | 20250923144957.0 | ||
| 008 | 008 250917s9999 xx 000 0 eng d | ||
| 037 | _aTextual | ||
| 040 |
_aDSWL _beng _cDSWL |
||
| 041 |
_aeng _2eng |
||
| 084 |
_aY7;4.613' N6, N62 _qDSWL |
||
| 100 |
_aGussman, Boris _9830489 |
||
| 245 | 0 |
_aOut in the mid-day sun _cby Boris Gussman |
|
| 260 |
_aLondon _bGeorge Allen & Unwin Ltd. _c1962 |
||
| 300 | _aXII,179 p. | ||
| 365 |
_aINR _b21 |
||
| 925 | _g21 | ||
| 942 |
_cTEXL _hY7;4.613' N6, N62 |
||
| 999 |
_c1445610 _d1445610 |
||